| Tag |
First Indicator |
Second Indicator |
Subfields |
| LEADER |
00000cam a2200000 a 4500 |
| 001 |
in00000033203 |
| 005 |
20151007055145.0 |
| 008 |
850225s1984 enk 00010 eng d |
| 010 |
|
|
|a 84060505
|
| 020 |
|
|
|a 0714540374 :
|c £5.95
|
| 035 |
|
|
|a (OCoLC)11731421
|
| 035 |
|
|
|9 AAB7423AM
|
| 040 |
|
|
|a BUF
|c BUF
|d PIT
|d m/c
|d TXA
|d UtOrBLW
|
| 049 |
|
|
|a [Wein] TXAM
|c [A10991129]
|
| 050 |
|
4 |
|a PR6062.E195
|b C87 1984
|
| 100 |
1 |
|
|a Leale, B. C.
|
| 245 |
1 |
4 |
|a The colours of ancient dreams /
|c B.C. Leale.
|
| 264 |
|
1 |
|a London :
|b J. Calder ;
|a New York :
|b Riverrun Press,
|c 1984.
|
| 300 |
|
|
|a 96 pages ;
|c 20 cm.
|
| 336 |
|
|
|a text
|b txt
|2 rdacontent
|
| 337 |
|
|
|a unmediated
|b n
|2 rdamedia
|
| 338 |
|
|
|a volume
|b nc
|2 rdacarrier
|
| 490 |
0 |
|
|a Calderbook ;
|v CB413
|
| 536 |
|
|
|a Poetry browsing collection: gift of Eleanor Weinbaum family.
|
| 999 |
|
|
|a MARS
|
| 999 |
f |
f |
|s 98c5e9ff-1473-3bc3-bb0a-ceba61b49303
|i 959fc25e-b62e-31c2-a59c-eaca6b3e7e11
|t 0
|
| 952 |
f |
f |
|p ric
|a Texas A&M University
|b Rellis Campus
|c Joint Library Facility
|d Remote Storage
|t 0
|e PR6062.E195 C87 1984
|h Library of Congress classification
|i unmediated -- volume
|m A14810991129
|
| 998 |
f |
f |
|a PR6062.E195 C87 1984
|t 0
|l Remote Storage
|